|
|
|
|
| LEADER |
00000nam a22000007a 4500 |
| 005 |
20211214223156.0 |
| 007 |
cr|||| ||| |
| 008 |
211214s2021 br |||||s|||| 00||0 por d |
| 020 |
|
|
|a 978-65-5515-244-9
|
| 035 |
|
|
|a 35480
|
| 040 |
|
|
|a vLex
|
| 090 |
|
|
|c 12716
|d 12716
|
| 100 |
1 |
|
|a Paludo, Augustinho V.
|
| 245 |
1 |
0 |
|a Governanȧ organizacional pb︢lica e planejamento estratǧico
|h [Recurso electrn̤ico] /
|c Augustinho V. Paludo, Antonio G. Oliveira
|
| 256 |
|
|
|a Servicio en ln̕ea
|
| 260 |
|
|
|a Indaiatuba:
|b Editora Foco,
|c 2021
|
| 300 |
|
|
|a 1 recurso electrn̤ico
|
| 500 |
|
|
|a Nas l︢timas dčadas muito se tem falado em Governanȧ; contudo, talvez pela sua jovialidade quanto ao ambiente organizacional pb︢lico ela tem causado diversas interpretaė̳s, algumas delas at ̌mesmo de forma equivocada. No ḿbito das organizaė̳s privadas sô evidentes e significativos os avanȯs na implementaȯ̂ e efetivo emprego da Governanȧ, entendida neste caso como governanȧ corporativa, haja vista a elaboraȯ̂, publicizaȯ̂ e emprego de normas (como a lei Sarbanes-Oxley) e cd̤igos de Governanȧ, alm̌, ̌claro, da criaȯ̂ de instituiė̳s especf̕icas (como ̌o caso do Instituto Brasileiro de Governanȧ Corporativa-IBGC). Nô obstante, tratando-se do Setor Pb︢lico, em nv̕el de r̤gôs e entidades, tm̊-se ainda um longo caminho para essa evoluȯ̂. No ambiente organizacional pb︢lico existe certa confusô acerca da Governanȧ; quer pela ainda escassez de escritos especf̕icos para esse ambiente, quer pela carn̊cia de competn̊cias tčnicas relacionadas a administraȯ̂ pb︢lica em seu sentido subjetivo, e da pouca compreensô de suas inter-relaė̳s e de suas ferramentas de gestô. É neste gap que surge a ideia desta obra com o intuito de contribuir com a Administraȯ̂ e gestores pb︢licos para uma melhor compreensô acerca da Governanȧ em seus diversos matizes, bem como sobre sua implementaȯ̂ no ḿbito organizacional pb︢lico em nv̕el de entidades e/ou r̤gôs”.
|
| 506 |
1 |
|
|a Disponible solo en los productos indicados
|d vLex Global
|d vLex Global (Academic Edition, excluding Law Schools)
|d vLex Global (U.S. Academic Edition, Law Schools)
|d vLex Global (U.S. Academic Edition, excluding Law Schools)
|d vLex Global (Academic Edition, Law Schools)
|
| 650 |
0 |
4 |
|a Derecho Pb︢lico y Administrativo
|z Brasil
|
| 700 |
1 |
|
|a Oliveira, Antonio G.
|
| 740 |
0 |
|
|a vLex Libros (Servicio en ln̕ea)
|
| 856 |
4 |
0 |
|u https://app.vlex.com/#/sources/35480
|z Acceso restringido
|
| 942 |
|
|
|c BOOK
|
| 999 |
0 |
|
|a Public and Administrative Law
|